IBC : (Record no. 594473)

000 -LEADER
fixed length control field 00968cam a22003017a 4500
001 - CONTROL NUMBER
control field 23053611
003 - CONTROL NUMBER IDENTIFIER
control field NUST
005 - DATE AND TIME OF LATEST TRANSACTION
control field 20230412165857.0
008 - FIXED-LENGTH DATA ELEMENTS--GENERAL INFORMATION
fixed length control field 230407s2001 ja a 001 0 eng
010 ## - LIBRARY OF CONGRESS CONTROL NUMBER
LC control number 2022418748
020 ## - INTERNATIONAL STANDARD BOOK NUMBER
International Standard Book Number 9781609839550
040 ## - CATALOGING SOURCE
Original cataloging agency DLC
Language of cataloging eng
Description conventions rda
Transcribing agency DLC
042 ## - AUTHENTICATION CODE
Authentication code pcc
082 ## - DEWEY DECIMAL CLASSIFICATION NUMBER
Edition number 343.07869
Classification number 23
Author Mark IBC
245 00 - TITLE STATEMENT
Title IBC :
Remainder of title International building code, 2021 /
Statement of responsibility, etc. International Code Council.
246 1# - VARYING FORM OF TITLE
Display text Title on copyright page:
Title proper/short title 2021 International building code
246 3# - VARYING FORM OF TITLE
Title proper/short title International building code, 2021
246 18 - VARYING FORM OF TITLE
Title proper/short title 2021 IBC :
Remainder of title International building code
250 ## - EDITION STATEMENT
Edition statement 2021 edition.
264 #1 - PRODUCTION, PUBLICATION, DISTRIBUTION, MANUFACTURE, AND COPYRIGHT NOTICE
Place of production, publication, distribution, manufacture Country Club Hills, IL :
Name of producer, publisher, distributor, manufacturer International Code Council,
Date of production, publication, distribution, manufacture, or copyright notice 2020.
300 ## - PHYSICAL DESCRIPTION
Extent pages cm
336 ## - CONTENT TYPE
Content type term text
Content type code txt
Source rdacontent
337 ## - MEDIA TYPE
Media type term unmediated
Media type code n
Source rdamedia
338 ## - CARRIER TYPE
Carrier type term volume
Carrier type code nc
Source rdacarrier
906 ## - LOCAL DATA ELEMENT F, LDF (RLIN)
a 0
b ibc
c orignew
d 2
e ncip
f 20
g y-gencatlg
942 ## - ADDED ENTRY ELEMENTS (KOHA)
Source of classification or shelving scheme
Koha item type Book
Holdings
Withdrawn status Lost status Source of classification or shelving scheme Damaged status Not for loan Permanent Location Current Location Date acquired Total Checkouts Full call number Barcode Date last seen Price effective from Koha item type
          School of Civil and Environmental Engineering (SCEE) School of Civil and Environmental Engineering (SCEE) 04/12/2023   343.07869 IBC NIT-13676 04/12/2023 04/12/2023 Book
© 2023 Central Library, National University of Sciences and Technology. All Rights Reserved.